000 00587ntaaa2200205 4500
003 01
005 20251027202959.0
008 0714s1973 ag 01
040 _aAR-BaBN
_bspa
_cAR-BaBN
_eaacr
_dRIC
082 _a982.0500 T72c
100 _aTrenti Rocamora, J. Luis
_930729
245 _aLas convicciones religiosas de los proceres argentinos
250 _a4 ed.
260 _aBuenos Aires :
_bAstral,
_c1966
300 _a126 p ;
_c19 cm
650 _aArgentina-biografĂ­as
_930730
650 _aArgentina-historia
650 _aArgentina-pensamiento religioso
_921542
942 _cBK
999 _c25181
_d25181